| 000 | 01532cam a2200349 a 4500 | ||
|---|---|---|---|
| 001 | 1493089 | ||
| 003 | OSt | ||
| 005 | 20170921161533.0 | ||
| 008 | 880607s1989 stka b 000 0 eng c | ||
| 010 | _a 88020234 | ||
| 020 | _a0443039380 | ||
| 040 |
_aDNLM/DLC _cDLC _dDLC |
||
| 082 |
_aWY 18 _bR431n 1989 |
||
| 245 | 0 | 4 |
_aThe Nervous system and the special senses / _cedited by Janet T.E. Riddle ; with contributions from P.J. Scullin ... [et al.] ; foreword by Margaret F. Alexander. |
| 260 |
_aEdinburgh [Scotland] ; _aNew York : _bChurchill Livingstone, _c1989. |
||
| 300 |
_a128 p. : _bill. ; _c25 cm. |
||
| 490 | 1 |
_aNursing care studies : 500 questions and answers for self-assessment ; _v5 |
|
| 504 | _aBibliography: p. [120]-128. | ||
| 650 | 0 |
_aNeurological nursing _xExaminations, questions, etc. _912135 |
|
| 650 | 0 |
_aEye _xDiseases _xNursing _xExaminations, questions, etc. _912136 |
|
| 650 | 0 |
_aEar _xDiseases _xNursing _xExaminations, questions, etc. _912137 |
|
| 650 | 2 |
_aBrain Injuries _xnursing _xexamination questions. _912138 |
|
| 650 | 2 |
_aCerebrovascular Disorders _xnursing _xexamination questions. _912139 |
|
| 650 | 2 |
_aEpilepsy _xnursing _xexamination questions. _912140 |
|
| 650 | 2 |
_aEye Diseases _xnursing _xexamination questions. _912141 |
|
| 650 | 2 |
_aOtitis Media _xnursing _xexamination questions. _912142 |
|
| 700 | 1 |
_aRiddle, Janet T. E. _912143 |
|
| 700 | 1 |
_aRooke, F. C. E. _912144 |
|
| 830 | 0 |
_aNursing care studies ; _v5. _912145 |
|
| 906 |
_a7 _bcbc _corignew _d1 _eocip _f19 _gy-gencatlg |
||
| 942 |
_2z _cO_SHELF |
||
| 999 |
_c5847 _d5847 |
||